[Event "Mittelfrank Regionalliga Nord-West 2223"]
[Site "Mittelfranken"]
[Date "2023.03.05"]
[Round "7.1"]
[White "Roth, Jakob"]
[Black "Wenzel, Johannes"]
[Result "1/2-1/2"]
[WhiteElo "2165"]
[BlackElo "2056"]
[PlyCount "118"]
[EventDate "2022.10.09"]
[EventType "team-tourn"]
[EventRounds "9"]
[EventCountry "GER"]
[SourceTitle "EXT 2024"]
[Source "ChessBase"]
[SourceDate "2023.10.10"]
[SourceVersion "1"]
[SourceVersionDate "2023.10.10"]
[SourceQuality "1"]
[WhiteTeam "Stetten"]
[BlackTeam "Hof PTSV"]
[WhiteTeamCountry "GER"]
[BlackTeamCountry "GER"]

1. d4 Nf6 2. c4 e6 3. Nc3 Bb4 4. f3 0-0 5. a3 Bxc3+ 6. bxc3 Ne8 7. e4 d5 8. cxd5 exd5 9. Bd3 Qh4+ 10. g3 Qh5 11. Be3 c5 12. exd5 cxd4 13. Bxd4 Qxd5 14. Be4 Qa5 15. Ne2 Nc6 16. Bf2 Nf6 17. Bxc6 bxc6 18. 0-0 Ba6 19. Re1 Bxe2 20. Qxe2 Qxc3 21. Rec1 Qa5 22. Rxc6 a6 23. Qc4 Rfe8 24. Rc7 Qd5 25. Qxd5 Nxd5 26. Rc5 Nb6 27. Rac1 Nd7 28. Rc7 Ne5 29. R1c3 Red8 30. f4 Ng4 31. Be1 h5 32. h3 Nf6 33. R7c4 Rd1 34. Rc8+ Rxc8 35. Rxc8+ Kh7 36. Kf2 Rd3 37. a4 Ne4+ 38. Kg2 Rd1 39. Ba5 Rd4 40. Rc6 Rxa4 41. Rxa6 Ra3 42. Ra7 Rxg3+ 43. Kh2 Ra3 44. Re7 Ra2+ 45. Kg1 Nf6 46. Re5 Ra4 47. Bd2 Rd4 48. Be3 Re4 49. Rxe4 Nxe4 50. Kg2 Kg6 51. Kf3 Kf5 52. Bc1 Nc5 53. Be3 Ne6 54. Bd2 f6 55. Be3 g6 56. Bd2 g5 57. fxg5 Nxg5+ 58. Kg2 Ne4 59. Bc1 Ng5 1/2-1/2

[Event "Mittelfrank Regionalliga Nord-West 2223"]
[Site "Mittelfranken"]
[Date "2023.02.05"]
[Round "6.1"]
[White "Wenzel, Johannes"]
[Black "Englert, Fabian"]
[Result "0-1"]
[WhiteElo "2056"]
[BlackElo "2410"]
[PlyCount "82"]
[EventDate "2022.10.09"]
[EventType "team-tourn"]
[EventRounds "9"]
[EventCountry "GER"]
[SourceTitle "EXT 2024"]
[Source "ChessBase"]
[SourceDate "2023.10.10"]
[SourceVersion "1"]
[SourceVersionDate "2023.10.10"]
[SourceQuality "1"]
[WhiteTeam "Hof PTSV"]
[BlackTeam "Klingenberg"]
[WhiteTeamCountry "GER"]
[BlackTeamCountry "GER"]

1. c4 g6 2. g3 c5 3. Bg2 Bg7 4. Nf3 Nc6 5. 0-0 d6 6. Nc3 e6 7. e3 Nge7 8. d4 0-0 9. dxc5 dxc5 10. Qe2 a6 11. Rd1 Qc7 12. Bd2 b6 13. Rac1 Bb7 14. Be1 Rad8 15. b3 h6 16. h4 Nb8 17. Nh2 Bxg2 18. Kxg2 Nec6 19. Rxd8 Rxd8 20. Rd1 Nd7 21. f4 h5 22. Ne4 Nf6 23. Nxf6+ Bxf6 24. Rxd8+ Qxd8 25. Qd2 Qa8 26. Nf3 Ne7 27. Qd3 Nf5 28. Bf2 Be7 29. e4 Nd6 30. e5 Nf5 31. Kf1 b5 32. Ke2 b4 33. Kf1 a5 34. Kg2 a4 35. Kf1 axb3 36. axb3 Qa1+ 37. Kg2 Qc1 38. Ne1 Kf8 39. Qc2 Qxe1 40. Qxf5 Qxf2+ 41. Kxf2 gxf5 0-1

[Event "Avoine op 28th"]
[Site "Avoine"]
[Date "2013.07.20"]
[Round "1"]
[White "Wojtkowski, Frederic"]
[Black "Wenzel, Johannes"]
[Result "1-0"]
[WhiteElo "1980"]
[BlackElo "2171"]
[PlyCount "149"]
[EventDate "2013.07.20"]
[EventType "swiss"]
[EventRounds "9"]
[EventCountry "FRA"]
[SourceTitle "CBM 155 Extra"]
[Source "ChessBase"]
[SourceDate "2013.08.26"]
[SourceVersion "1"]
[SourceVersionDate "2013.08.26"]
[SourceQuality "1"]

1. d4 Nf6 2. Bg5 e6 3. e3 h6 4. Bh4 c5 5. c3 b6 6. Nf3 Be7 7. Bd3 cxd4 8. exd4 Bb7 9. 0-0 0-0 10. Nbd2 d6 11. Re1 Nbd7 12. Ne4 Bxe4 13. Bxe4 Nxe4 14. Rxe4 Bxh4 15. Rxh4 Re8 16. Qb3 Nf6 17. Re1 Rc8 18. Rh3 Qc7 19. Nd2 d5 20. Qd1 b5 21. Ree3 a5 22. Reg3 Kf8 23. Qf3 Qe7 24. Qf4 Ng8 25. Nf3 Red8 26. Ne5 Qf6 27. Qg4 Ne7 28. Rf3 Nf5 29. Qh5 Ke8 30. Rf4 b4 31. Qe2 bxc3 32. bxc3 Qg5 33. Rhf3 f6 34. Nd3 Rxc3 35. Rxf5 Rc1+ 36. Ne1 Qg4 37. R5f4 Qh5 38. Re3 Qf7 39. h3 Rb8 40. Kh2 Rbb1 41. Qd2 a4 42. Rc3 Rxc3 43. Qxc3 Kd8 44. Qa5+ Qc7 45. Qxc7+ Kxc7 46. Nd3 Kd6 47. Kg3 Ra1 48. Nb4 Rd1 49. Kf3 Rb1 50. Nd3 Ra1 51. Nb4 Rb1 52. Nd3 Ra1 53. Ke2 Rxa2+ 54. Kd1 e5 55. dxe5+ fxe5 56. Rf7 e4 57. Nb4 Ra1+ 58. Kd2 g5 59. Nc2 Rf1 60. Kc3 Kc5 61. Rf5 Rd1 62. Ne3 Rd3+ 63. Kb2 Kc6 64. Rf6+ Kc5 65. Rf5 Kc6 66. Ng4 Rb3+ 67. Kc2 d4 68. Ra5 d3+ 69. Kd2 a3 70. Ne3 Rb2+ 71. Kc3 Rxf2 72. Rxa3 Re2 73. Kd4 Re1 74. Kxe4 d2 75. Rd3 1-0

[Event "Avoine op 27th"]
[Site "Avoine"]
[Date "2012.07.27"]
[Round "7"]
[White "Wenzel, Johannes"]
[Black "O'Sullivan, Thomas"]
[Result "1/2-1/2"]
[WhiteElo "2136"]
[BlackElo "1843"]
[PlyCount "66"]
[EventDate "2012.07.21"]
[EventType "swiss"]
[EventRounds "9"]
[EventCountry "FRA"]
[SourceTitle "CBM 149 Extra"]
[Source "ChessBase"]
[SourceDate "2012.08.24"]
[SourceVersion "1"]
[SourceVersionDate "2012.08.24"]
[SourceQuality "1"]

1. Nf3 Nf6 2. c4 g6 3. Nc3 Bg7 4. e4 d6 5. d4 0-0 6. Be2 e5 7. Be3 c6 8. d5 cxd5 9. cxd5 Nbd7 10. Nd2 Ne8 11. 0-0 f5 12. f3 Ndf6 13. Rc1 f4 14. Bf2 g5 15. Nc4 Nc7 16. Qb3 h5 17. Na5 g4 18. Nxb7 Qe7 19. Na5 Nh7 20. Nb1 Ne8 21. fxg4 hxg4 22. Rxc8 Rxc8 23. Bxg4 Rc7 24. Nc6 Qg5 25. Qh3 Nef6 26. Be6+ Kh8 27. Bf5 Bh6 28. Nd2 Qg7 29. Nf3 Ng5 30. Nxg5 Qxg5 31. Bh4 Qg7 32. Qf3 Nxd5 33. Nd8 Ne3 1/2-1/2

[Event "Avoine op 27th"]
[Site "Avoine"]
[Date "2012.07.25"]
[Round "5"]
[White "Wenzel, Johannes"]
[Black "Tache, Benjamin"]
[Result "1-0"]
[WhiteElo "2136"]
[BlackElo "1985"]
[PlyCount "107"]
[EventDate "2012.07.21"]
[EventType "swiss"]
[EventRounds "9"]
[EventCountry "FRA"]
[SourceTitle "CBM 149 Extra"]
[Source "ChessBase"]
[SourceDate "2012.08.24"]
[SourceVersion "1"]
[SourceVersionDate "2012.08.24"]
[SourceQuality "1"]

1. Nf3 c5 2. c4 Nc6 3. Nc3 e5 4. g3 g6 5. Bg2 Bg7 6. d3 Nge7 7. Nd2 0-0 8. Nf1 f5 9. Ne3 d6 10. Ned5 Nxd5 11. Nxd5 Be6 12. 0-0 Qd7 13. Rb1 Rae8 14. Bd2 h6 15. b4 b6 16. Re1 Ne7 17. Nxe7+ Qxe7 18. bxc5 dxc5 19. Qc1 g5 20. a4 f4 21. a5 fxg3 22. fxg3 Qd6 23. axb6 axb6 24. Bc3 Bg4 25. Qb2 Rf6 26. Rf1 Ref8 27. Rxf6 Bxf6 28. h3 Bh5 29. g4 Bf7 30. Qxb6 Qe7 31. Qb7 Qd8 32. Qc6 Kg7 33. Qxc5 Re8 34. Be4 h5 35. Rb7 Kg8 36. Qc7 Qxc7 37. Rxc7 hxg4 38. hxg4 Bd8 39. Rb7 Kg7 40. Bd5 Re7 41. Rxe7 Bxe7 42. Bxe5+ Kf8 43. Bxf7 Kxf7 44. Kg2 Ke6 45. Kf3 Kxe5 46. e3 Ba3 47. d4+ Ke6 48. e4 Bc1 49. e5 Bb2 50. Ke4 Ba3 51. c5 Kd7 52. Kf5 Bc1 53. Kf6 Be3 54. Kf7 1-0

[Event "Avoine op 27th"]
[Site "Avoine"]
[Date "2012.07.23"]
[Round "3"]
[White "Wenzel, Johannes"]
[Black "Dreux, Vincent"]
[Result "1-0"]
[WhiteElo "2136"]
[BlackElo "1934"]
[PlyCount "95"]
[EventDate "2012.07.21"]
[EventType "swiss"]
[EventRounds "9"]
[EventCountry "FRA"]
[SourceTitle "CBM 149 Extra"]
[Source "ChessBase"]
[SourceDate "2012.08.24"]
[SourceVersion "1"]
[SourceVersionDate "2012.08.24"]
[SourceQuality "1"]

1. Nf3 d5 2. d4 Nf6 3. e3 Bg4 4. c4 e6 5. Qb3 b6 6. Ne5 c6 7. Qa4 Qc7 8. Nc3 Bf5 9. cxd5 exd5 10. Bd2 Bd6 11. f4 0-0 12. Be2 h6 13. 0-0 Ne4 14. Nxe4 Bxe4 15. Rac1 c5 16. Ng4 Nc6 17. Nf2 Bf5 18. Bf3 Ne7 19. dxc5 bxc5 20. Rfd1 Bd7 21. Qa5 Rac8 22. b3 Qb6 23. g3 Bc6 24. Qxb6 axb6 25. a4 Rfe8 26. Ra1 Rc7 27. e4 Rd7 28. e5 Bb8 29. Nd3 Ba7 30. Kg2 Ba8 31. Nc1 d4 32. Bxa8 Rxa8 33. Nd3 Nd5 34. Kf3 g6 35. g4 Re8 36. Re1 Rde7 37. Nb2 f6 38. Nc4 Bb8 39. exf6 Rxe1 40. Rxe1 Rxe1 41. Bxe1 Kf7 42. Bd2 Ke6 43. h3 Bc7 44. g5 Bd8 45. Ke4 h5 46. Ne5 Nxf6+ 47. gxf6 Kxf6 48. Be1 1-0

[Event "Avoine op 26th"]
[Site "Avoine"]
[Date "2011.07.31"]
[Round "9"]
[White "Wenzel, Johannes"]
[Black "Dieu, Bruno"]
[Result "1/2-1/2"]
[WhiteElo "2116"]
[BlackElo "2298"]
[PlyCount "90"]
[EventDate "2011.07.23"]
[EventType "swiss"]
[EventRounds "9"]
[EventCountry "FRA"]
[SourceTitle "EXT 2012"]
[Source "ChessBase"]
[SourceDate "2011.11.24"]
[SourceVersion "1"]
[SourceVersionDate "2011.11.24"]
[SourceQuality "1"]

1. e4 c5 2. Nf3 Nc6 3. c3 d5 4. exd5 Qxd5 5. d4 Bg4 6. Be2 e6 7. Be3 cxd4 8. cxd4 Nf6 9. Nc3 Bb4 10. 0-0 Qd8 11. h3 Bh5 12. a3 Be7 13. Qb3 Rb8 14. Rfd1 Nd5 15. Nxd5 Qxd5 16. Bc4 Qf5 17. Bd3 Qa5 18. g4 Bg6 19. Bf4 Rc8 20. Qxb7 0-0 21. Bb5 e5 22. Bd2 Qb6 23. Bxc6 Qxc6 24. Qxc6 Rxc6 25. Nxe5 Rc2 26. Bc3 Be4 27. Rac1 Rxc1 28. Rxc1 f6 29. Re1 Bd5 30. Nd7 Rf7 31. Nc5 g6 32. Nd3 Bc4 33. Re3 h5 34. gxh5 gxh5 35. Rg3+ Kh7 36. Bb4 Bd8 37. Ne1 Bc7 38. Re3 Rg7+ 39. Ng2 Bd8 40. Re8 Rd7 41. Bc5 a5 42. b4 axb4 43. axb4 Bb5 44. Re6 Rg7 45. Re3 h4 1/2-1/2

[Event "Avoine op 26th"]
[Site "Avoine"]
[Date "2011.07.23"]
[Round "1"]
[White "Wenzel, Johannes"]
[Black "Yche, Michel"]
[Result "1/2-1/2"]
[WhiteElo "2116"]
[BlackElo "1943"]
[PlyCount "68"]
[EventDate "2011.07.23"]
[EventType "swiss"]
[EventRounds "9"]
[EventCountry "FRA"]
[SourceTitle "EXT 2012"]
[Source "ChessBase"]
[SourceDate "2011.11.24"]
[SourceVersion "1"]
[SourceVersionDate "2011.11.24"]
[SourceQuality "1"]

1. Nf3 e6 2. d4 d5 3. e3 Nf6 4. Bd3 Nbd7 5. b3 c6 6. c4 Bd6 7. Bb2 Qc7 8. c5 Be7 9. b4 a6 10. Nbd2 0-0 11. Qc2 h6 12. h3 Ne8 13. 0-0 f5 14. Ne5 Nxe5 15. dxe5 g6 16. Nb3 Ng7 17. Bd4 Bd7 18. a4 Kh7 19. Na5 Rfc8 20. Qe2 Be8 21. Kh1 Bf7 22. Nb3 Rg8 23. b5 axb5 24. axb5 cxb5 25. Bxb5 Rgc8 26. Ra2 Be8 27. Rfa1 Rxa2 28. Rxa2 Bc6 29. Bd3 Qd8 30. Ra7 Ra8 31. Qa2 Rxa7 32. Qxa7 Qc8 33. Na5 Bd8 34. Kg1 Bxa5 1/2-1/2

[Event "Avoine op 24th"]
[Site "Avoine"]
[Date "2009.07.25"]
[Round "8"]
[White "Wenzel, Johannes"]
[Black "Naudion, Gregoire"]
[Result "1-0"]
[WhiteElo "2124"]
[BlackElo "1926"]
[PlyCount "113"]
[EventDate "2009.07.18"]
[EventType "swiss"]
[EventRounds "9"]
[EventCountry "FRA"]
[SourceTitle "CBM 131 Extra"]
[Source "ChessBase"]
[SourceDate "2009.09.03"]
[SourceVersion "2"]
[SourceVersionDate "2009.09.16"]
[SourceQuality "1"]

1. Nf3 Nf6 2. c4 c5 3. g3 g6 4. Bg2 Bg7 5. 0-0 0-0 6. Nc3 Nc6 7. d4 cxd4 8. Nxd4 Nxd4 9. Qxd4 d6 10. b3 Bf5 11. Bb2 Ne4 12. Qe3 Nxc3 13. Bxc3 Qc7 14. Bxg7 Kxg7 15. Rfd1 Rab8 16. Qxa7 Qc5 17. Qxc5 dxc5 18. Rd2 b6 19. Rad1 Rfc8 20. a4 h5 21. h4 Kf6 22. f4 Bg4 23. Kf2 Ke6 24. Bd5+ Kf6 25. Bf3 Bxf3 26. Kxf3 Ke6 27. e4 f6 28. Rd5 f5 29. exf5+ gxf5 30. Re1+ Kf6 31. Rde5 Rc6 32. Rxe7 Rd8 33. Re8 Rd3+ 34. R1e3 Rd1 35. Ke2 Rb1 36. Rd3 Rb2+ 37. Kd1 Re6 38. Rxe6+ Kxe6 39. Kc1 Rg2 40. Rd8 Rxg3 41. Kb2 Rg4 42. Rb8 Rxf4 43. Rxb6+ Kd7 44. a5 Kc7 45. Rf6 Rxh4 46. Rxf5 Kc6 47. Rf6+ Kb7 48. Ka3 Rh1 49. Ka4 h4 50. Kb5 Rh3 51. Rf7+ Kb8 52. Rf8+ Ka7 53. Rf7+ Kb8 54. b4 cxb4 55. Kb6 Kc8 56. c5 Re3 57. a6 1-0

[Event "FRA-chT1A 0708"]
[Site "France"]
[Date "2008.03.16"]
[Round "9.5"]
[White "Khairallah, Faisal"]
[Black "Wenzel, Johannes"]
[Result "1/2-1/2"]
[WhiteElo "2350"]
[BlackElo "2126"]
[PlyCount "81"]
[EventDate "2007.10.21"]
[EventType "team"]
[EventRounds "11"]
[EventCountry "FRA"]
[SourceTitle "EXT 2009"]
[Source "ChessBase"]
[SourceDate "2008.11.26"]
[SourceVersion "1"]
[SourceVersionDate "2008.11.26"]
[SourceQuality "1"]
[WhiteTeam "Noisy le Grand"]
[BlackTeam "Tours"]
[WhiteTeamCountry "FRA"]
[BlackTeamCountry "FRA"]

1. d4 Nf6 2. Nf3 e6 3. g3 b5 4. Bg2 Bb7 5. 0-0 Be7 6. Qd3 a6 7. Nbd2 0-0 8. e4 d6 9. a4 c5 10. axb5 axb5 11. Rxa8 Bxa8 12. dxc5 dxc5 13. Qe2 c4 14. e5 Nfd7 15. Re1 Nc6 16. Nf1 Qa5 17. h4 Qa4 18. Rd1 Nc5 19. Ng5 h6 20. Ne4 Nxe4 21. Bxe4 Rd8 22. Rxd8+ Bxd8 23. Qd1 Be7 24. Qd7 Bf8 25. Bxc6 Bxc6 26. Qxc6 Qxc2 27. Bd2 Qxb2 28. Qc8 Qa3 29. Ne3 Kh7 30. Kg2 Bc5 31. Qd7 Bxe3 32. Bxe3 b4 33. Qxf7 Qa8+ 34. Qf3 Qc8 35. Qe4+ Kh8 36. Qd4 Qb7+ 37. Kh2 c3 38. Qd8+ Kh7 39. Qd3+ Kh8 40. Bc1 Qd5 41. Qe3 1/2-1/2

[Event "FRA-chT1A 0708"]
[Site "France"]
[Date "2008.02.10"]
[Round "7.5"]
[White "Wenzel, Johannes"]
[Black "Sandalakis, Angelos"]
[Result "0-1"]
[WhiteElo "2126"]
[BlackElo "2363"]
[PlyCount "70"]
[EventDate "2007.10.21"]
[EventType "team"]
[EventRounds "11"]
[EventCountry "FRA"]
[SourceTitle "EXT 2009"]
[Source "ChessBase"]
[SourceDate "2008.11.26"]
[SourceVersion "1"]
[SourceVersionDate "2008.11.26"]
[SourceQuality "1"]
[WhiteTeam "Tours"]
[BlackTeam "Deauville"]
[WhiteTeamCountry "FRA"]
[BlackTeamCountry "FRA"]

1. Nf3 c5 2. g3 Nf6 3. Bg2 e6 4. 0-0 d5 5. d3 Be7 6. Nbd2 Nc6 7. e4 0-0 8. Re1 Qc7 9. c3 b6 10. a3 Ba6 11. e5 Nd7 12. d4 cxd4 13. cxd4 Na5 14. Re3 Rac8 15. b4 Nc4 16. Rc3 Qb7 17. Nxc4 Bxc4 18. Bg5 Bxg5 19. Nxg5 h6 20. Qc2 hxg5 21. Rxc4 Rxc4 22. Qxc4 Rc8 23. Qb3 Qc6 24. Bf1 Nf8 25. a4 Ng6 26. b5 Qc7 27. Qe3 Ne7 28. Bd3 Kf8 29. Qxg5 Qc3 30. Rd1 Qxd4 31. Qh5 Qxa4 32. Re1 Ng8 33. Qh8 g6 34. Qh7 Qg4 35. h3 Qg5 0-1

[Event "FRA-chT1A 0708"]
[Site "France"]
[Date "2007.11.25"]
[Round "3.3"]
[White "Wenzel, Johannes"]
[Black "Marholev, Dimitar"]
[Result "1/2-1/2"]
[WhiteElo "2126"]
[BlackElo "2398"]
[PlyCount "38"]
[EventDate "2007.10.21"]
[EventType "team"]
[EventRounds "11"]
[EventCountry "FRA"]
[SourceTitle "EXT 2009"]
[Source "ChessBase"]
[SourceDate "2008.11.26"]
[SourceVersion "1"]
[SourceVersionDate "2008.11.26"]
[SourceQuality "1"]
[WhiteTeam "Tours"]
[BlackTeam "Nantes"]
[WhiteTeamCountry "FRA"]
[BlackTeamCountry "FRA"]

1. Nf3 Nf6 2. c4 g6 3. Nc3 c5 4. e4 Nc6 5. d4 cxd4 6. Nxd4 Bg7 7. Be3 Ng4 8. Qxg4 Nxd4 9. Qd1 Ne6 10. Qd2 Qa5 11. Rc1 b6 12. b3 Bb7 13. f3 g5 14. Nd5 Qxd2+ 15. Kxd2 Rc8 16. Bd3 h6 17. h4 Rg8 18. hxg5 hxg5 19. Nc3 Bd4 1/2-1/2

[Event "FRA-chT2 West 0607"]
[Site "France"]
[Date "2007.04.01"]
[Round "11.1"]
[White "Blot, Jerome"]
[Black "Wenzel, Johannes"]
[Result "1/2-1/2"]
[WhiteElo "2329"]
[BlackElo "2190"]
[PlyCount "66"]
[EventDate "2006.10.15"]
[EventType "team"]
[EventRounds "11"]
[EventCountry "FRA"]
[SourceTitle "EXT 2008"]
[Source "ChessBase"]
[SourceDate "2007.11.25"]
[SourceVersion "1"]
[SourceVersionDate "2007.11.25"]
[SourceQuality "1"]
[WhiteTeam "Le Mans"]
[BlackTeam "Tours"]
[WhiteTeamCountry "FRA"]
[BlackTeamCountry "FRA"]

1. d4 Nf6 2. c4 e6 3. Nc3 Bb4 4. e3 0-0 5. Nge2 d5 6. a3 Be7 7. Nf4 c6 8. Bd3 a5 9. 0-0 b6 10. b3 Bd6 11. e4 dxe4 12. Nxe4 Nxe4 13. Bxe4 f5 14. Bc2 e5 15. Ne2 c5 16. d5 Qh4 17. f4 e4 18. Bb2 Bd7 19. a4 Na6 20. Rc1 Rae8 21. Bb1 Rf6 22. Bxf6 Qxf6 23. Qd2 Nb4 24. Kh1 Kh8 25. Rce1 Re7 26. Qe3 g6 27. Qc3 Rf7 28. Qxf6+ Rxf6 29. Nc3 Bf8 30. Bxe4 fxe4 31. Nxe4 Rf7 32. Ng5 Rf6 33. Ne4 Rf7 1/2-1/2

[Event "FRA-chT2 West 0607"]
[Site "France"]
[Date "2006.10.15"]
[Round "1.2"]
[White "Dias Huizar, Alvaro"]
[Black "Wenzel, Johannes"]
[Result "1/2-1/2"]
[WhiteElo "2223"]
[BlackElo "2235"]
[PlyCount "34"]
[EventDate "2006.10.15"]
[EventType "team"]
[EventRounds "11"]
[EventCountry "FRA"]
[SourceTitle "EXT 2008"]
[Source "ChessBase"]
[SourceDate "2007.11.25"]
[SourceVersion "1"]
[SourceVersionDate "2007.11.25"]
[SourceQuality "1"]
[WhiteTeam "Sautron"]
[BlackTeam "Tours"]
[WhiteTeamCountry "FRA"]
[BlackTeamCountry "FRA"]

1. e4 e6 2. Qe2 Nf6 3. c4 e5 4. d4 Bb4+ 5. Bd2 Bxd2+ 6. Nxd2 d6 7. Ngf3 Qe7 8. d5 b6 9. g3 0-0 10. Bg2 a5 11. 0-0 Na6 12. Ne1 Bd7 13. Nd3 Nc5 14. b3 Nxd3 15. Qxd3 Ng4 16. h3 Nh6 17. Kh2 f5 1/2-1/2

[Event "Regionalliga SO 0506"]
[Site "Bayern"]
[Date "2006.01.15"]
[Round "5.6"]
[White "Fuchs, Georg"]
[Black "Wenzel, Johannes"]
[Result "1-0"]
[WhiteElo "2210"]
[BlackElo "2068"]
[PlyCount "33"]
[EventDate "2005.10.23"]
[EventType "team-tourn"]
[EventRounds "9"]
[EventCountry "GER"]
[SourceTitle "EXT 2007"]
[Source "ChessBase"]
[SourceDate "2006.11.23"]
[SourceVersion "1"]
[SourceVersionDate "2006.11.23"]
[SourceQuality "1"]
[WhiteTeam "Weilheim"]
[BlackTeam "Freising SK"]
[WhiteTeamCountry "GER"]
[BlackTeamCountry "GER"]

1. e4 e6 2. d4 d5 3. Nd2 a6 4. Ngf3 c5 5. dxc5 Bxc5 6. Nb3 Be7 7. e5 Nc6 8. Bd3 Qc7 9. Qe2 Nb4 10. 0-0 Bd7 11. Bd2 Nxd3 12. cxd3 Qc2 13. Nfd4 Qxb2 14. a3 Bxa3 15. Rfb1 Qxb1+ 16. Rxb1 Ne7 17. Nc2 1-0

[Event "Landesliga Sued 0405"]
[Site "Bayern"]
[Date "2005.04.10"]
[Round "9.2"]
[White "Wenzel, Johannes"]
[Black "Reis, Thomas"]
[Result "1/2-1/2"]
[WhiteElo "2107"]
[BlackElo "2147"]
[PlyCount "69"]
[EventDate "2004.10.24"]
[EventType "team-tourn"]
[EventRounds "9"]
[EventCountry "GER"]
[SourceTitle "EXT 2007"]
[Source "ChessBase"]
[SourceDate "2006.11.23"]
[SourceVersion "1"]
[SourceVersionDate "2006.11.23"]
[SourceQuality "1"]
[WhiteTeam "Freising"]
[BlackTeam "Kriegshaber SK"]
[WhiteTeamCountry "GER"]
[BlackTeamCountry "GER"]

1. e4 c5 2. Nf3 d6 3. Bb5+ Bd7 4. Bxd7+ Qxd7 5. 0-0 Nc6 6. c3 Nf6 7. Re1 e6 8. d4 cxd4 9. Nxd4 Rc8 10. c4 Be7 11. Nc3 0-0 12. Nf3 Rfd8 13. Bg5 h6 14. Bh4 a6 15. Rc1 b6 16. b3 Qb7 17. Qe2 Rd7 18. h3 Ne8 19. Bxe7 Nxe7 20. Red1 Rdc7 21. Qd3 Ng6 22. Ne2 Nf6 23. Qxd6 Nxe4 24. Qd4 Ne7 25. Qb2 b5 26. cxb5 axb5 27. Rxc7 Qxc7 28. Rc1 Qb6 29. Rxc8+ Nxc8 30. Qd4 Ned6 31. Qb4 Qa6 32. Nc3 Na7 33. Nd4 e5 34. Nf3 f6 35. a4 1/2-1/2

[Event "Landesliga Sued 0405"]
[Site "Bayern"]
[Date "2004.11.14"]
[Round "2.2"]
[White "Epding, Olaf"]
[Black "Wenzel, Johannes"]
[Result "1-0"]
[WhiteElo "2194"]
[BlackElo "2107"]
[PlyCount "51"]
[EventDate "2004.10.24"]
[EventType "team-tourn"]
[EventRounds "9"]
[EventCountry "GER"]
[SourceTitle "EXT 2007"]
[Source "ChessBase"]
[SourceDate "2006.11.23"]
[SourceVersion "1"]
[SourceVersionDate "2006.11.23"]
[SourceQuality "1"]
[WhiteTeam "Muenchen Siemens"]
[BlackTeam "Freising"]
[WhiteTeamCountry "GER"]
[BlackTeamCountry "GER"]

1. e4 e6 2. d4 d5 3. Nc3 Nc6 4. Nf3 Nf6 5. Bg5 Be7 6. Bxf6 Bxf6 7. Bb5 0-0 8. 0-0 a6 9. Bxc6 bxc6 10. e5 Be7 11. Na4 f6 12. exf6 gxf6 13. Qd2 Bd6 14. Rfe1 Rb8 15. a3 Re8 16. c4 Rb3 17. Rac1 Bf8 18. Qc2 dxc4 19. Qxc4 Qd5 20. Qc2 Bh6 21. Nc3 Rxc3 22. Qxc3 Bxc1 23. Qxc1 Bd7 24. Qf4 Qa5 25. Qxf6 Rf8 26. Re5 1-0

[Event "Regionalliga SO 0304"]
[Site "Bayern"]
[Date "2004.04.25"]
[Round "9.2"]
[White "Wenzel, Johannes"]
[Black "Schaefer, Matthias"]
[Result "1-0"]
[WhiteElo "2125"]
[BlackElo "2176"]
[PlyCount "131"]
[EventDate "2003.10.??"]
[EventType "team"]
[EventRounds "9"]
[EventCountry "GER"]
[SourceTitle "EXT 2006"]
[Source "ChessBase"]
[SourceDate "2005.11.24"]
[SourceVersion "1"]
[SourceVersionDate "2005.11.24"]
[SourceQuality "1"]
[WhiteTeam "Freising"]
[BlackTeam "Starnberg"]
[WhiteTeamCountry "GER"]
[BlackTeamCountry "GER"]

1. e4 g6 2. d4 Bg7 3. g3 d6 4. Bg2 Nf6 5. Nc3 0-0 6. Nge2 Nc6 7. h3 e5 8. Be3 exd4 9. Nxd4 Bd7 10. 0-0 Re8 11. Re1 a6 12. a4 Na5 13. Qd3 c5 14. Nde2 Bc6 15. Rad1 c4 16. Qxd6 Qxd6 17. Rxd6 Nxe4 18. Nxe4 Bxe4 19. Bxe4 Rxe4 20. Nc3 Ree8 21. Red1 Be5 22. Rd7 Nc6 23. Rxb7 Bxg3 24. Rdd7 Ne5 25. Re7 Bh4 26. Rxe8+ Rxe8 27. Rb6 a5 28. Rb5 Bd8 29. Kg2 Nc6 30. Nb1 Re6 31. Nd2 Ne5 32. Rb8 Nc6 33. Rc8 c3 34. bxc3 Kg7 35. Nb3 Be7 36. Ra8 Bf6 37. Nc5 Re7 38. Ra6 Ne5 39. Bd4 Nd7 40. Rxa5 Nxc5 41. Rxc5 Rd7 42. Rc4 Rd5 43. Rb4 Ra5 44. Kf3 h6 45. Ke3 g5 46. Ke4 Ra8 47. Kf5 Bxd4 48. cxd4 Ra5+ 49. Ke4 f5+ 50. Ke3 h5 51. Rb5 Rxa4 52. Rxf5 Ra3+ 53. Ke4 Rxh3 54. Rxg5+ Kf6 55. Rf5+ Ke7 56. c4 Rh1 57. Kd5 h4 58. c5 h3 59. Rh5 h2 60. Rh7+ Kd8 61. Kd6 Kc8 62. c6 Kb8 63. d5 Ka8 64. c7 Kb7 65. Kd7 Rc1 66. d6 1-0

[Event "Regionalliga SO 0304"]
[Site "Bayern"]
[Date "2004.03.07"]
[Round "7.3"]
[White "Wenzel, Johannes"]
[Black "Nagy, Laszlo"]
[Result "1/2-1/2"]
[WhiteElo "2125"]
[BlackElo "2049"]
[PlyCount "42"]
[EventDate "2003.10.??"]
[EventType "team"]
[EventRounds "9"]
[EventCountry "GER"]
[SourceTitle "EXT 2006"]
[Source "ChessBase"]
[SourceDate "2005.11.24"]
[SourceVersion "1"]
[SourceVersionDate "2005.11.24"]
[SourceQuality "1"]
[WhiteTeam "Freising"]
[BlackTeam "Vogtareuth"]
[WhiteTeamCountry "GER"]
[BlackTeamCountry "GER"]

1. e4 c5 2. Nf3 d6 3. Bb5+ Bd7 4. Bxd7+ Qxd7 5. 0-0 Nc6 6. c3 Nf6 7. d4 cxd4 8. cxd4 d5 9. e5 Ne4 10. Ne1 h6 11. f3 Ng5 12. Nc3 e6 13. Be3 Bb4 14. Rc1 Nh7 15. Nd3 0-0 16. f4 f5 17. Na4 Be7 18. Nac5 Bxc5 19. Nxc5 Qe7 20. Qa4 Rfc8 21. b4 a6 1/2-1/2

[Event "Regionalliga SO 0203"]
[Site "Bayern"]
[Date "2002.11.17"]
[Round "2.2"]
[White "Wenzel, Johannes"]
[Black "Lochte, Thomas"]
[Result "1/2-1/2"]
[WhiteElo "2109"]
[BlackElo "2195"]
[PlyCount "30"]
[EventDate "2002.10.20"]
[EventType "team"]
[EventRounds "9"]
[EventCountry "GER"]
[SourceTitle "EXT 2004"]
[Source "ChessBase"]
[SourceDate "2003.11.25"]
[SourceVersion "1"]
[SourceVersionDate "2003.11.25"]
[SourceQuality "1"]
[WhiteTeam "Freising"]
[BlackTeam "Starnberg"]
[WhiteTeamCountry "GER"]
[BlackTeamCountry "GER"]

1. e4 e5 2. Nc3 Nf6 3. Nf3 Nc6 4. Bb5 Bc5 5. 0-0 0-0 6. d3 d6 7. Na4 Nd4 8. Nxc5 Bg4 9. Nb3 Bxf3 10. gxf3 Nxb5 11. f4 Qd7 12. Qf3 a5 13. a4 Nd4 14. Nxd4 exd4 15. f5 Rfe8 1/2-1/2